000
00328nam a2200133 a 4500
005
20140414131918.0
008
101021s19uu xx 00 eng d
050
_a
ER
_b
On2 1997
100
_a
Clark, Lesley
245
_a
1 2 3.
260
_a
Leicestershire, U.K. :
_b
Ladybird,
_c
1997.
440
_a
First steps
999
_c
111626
_d
111626